| 000 | 01002nam a2200349Ia 4500 | ||
|---|---|---|---|
| 003 | OSt | ||
| 005 | 20250303140811.0 | ||
| 008 | 210210b1996 xxu||||| |||| 00| 0 eng d | ||
| 040 | _cAL | ||
| 041 | _aKannada | ||
| 082 | _aK894.9 HEGS | ||
| 100 |
_aHEGADE (G M). _9133951 _dಹೆಗಡೆ |
||
| 245 |
_aSahitya mattu sahradayate. _bಸಾಹಿತ್ಯ ಮತ್ತು ಸಹೃದಯತೆ |
||
| 260 |
_aDharavada _bRanjana Prakashana _c1996 |
||
| 300 | _a328,12 | ||
| 650 |
_aKuvempu _9133952 |
||
| 650 |
_a Bendre _9133961 |
||
| 650 |
_aMasti _9133962 |
||
| 650 |
_aShivarama Karanta _9133963 |
||
| 650 |
_aGokaka _9133964 |
||
| 650 |
_aAnantamurti _9133965 |
||
| 650 |
_aChennavira Kanavi _9133966 |
||
| 650 |
_aPatila Puttappa _9133967 |
||
| 650 |
_aBhairappa _9133968 |
||
| 650 |
_aShamba _9133969 |
||
| 650 |
_a Enke _9133970 |
||
| 650 |
_aHamana _9133971 |
||
| 650 |
_a Shivarudrappa _9133972 |
||
| 690 |
_aKannada Criticism _9133953 |
||
| 906 | _a052290 | ||
| 942 |
_2ddc _cBK |
||
| 999 |
_c100359 _d100359 |
||